000 00884nam a2200133 4500
008 700.74 S493f
082 _a700.74
_bS493f
100 _aMattos, Josué (curaduría)
_96376
245 _aFrestas:
_bTrienal de artes
260 _aSão Paulo
_c2015
300 _a70 p.
_bill
_c25 x 20.5 cm
505 _tO que seria do mundo sem as coisas que não existem? - What would be of the world without the thing that do not exist?
_tNossa proposição é o dialogo - Our proposition is the dialogue
_tAteliê aberto para a invenção do inexistente: daqui até AÍ - Open studio for the invention of the Nonexistent: from here to There
_tPoipoidrome - Poipoidrome
_tO inexistente é insistência - The nonexistent is insistnece
_tAteliê de pesquisa em poéticas visuais - Studio for Research into Visual Poetics
650 _xarte contemporáneo
_xBrasil
_xarte - exhibiciones
_xarte - proyecto sorocaba
_96377
999 _c1486
_d1486